China goes global :the partial power / (Record no. 4297)

000 -LEADER
fixed length control field 04550cam a2200373 a 4500
001 - CONTROL NUMBER
control field 17400607
003 - CONTROL NUMBER IDENTIFIER
control field OSt
005 - DATE AND TIME OF LATEST TRANSACTION
control field 20210906094451.0
008 - FIXED-LENGTH DATA ELEMENTS--GENERAL INFORMATION
fixed length control field 120725s2013 nyu b 001 0 eng
010 ## - LIBRARY OF CONGRESS CONTROL NUMBER
LC control number 2012028861
020 ## - INTERNATIONAL STANDARD BOOK NUMBER
International Standard Book Number 9780199361038
040 ## - CATALOGING SOURCE
Original cataloging agency DLC
Transcribing agency DLC
Modifying agency DLC
042 ## - AUTHENTICATION CODE
Authentication code pcc
043 ## - GEOGRAPHIC AREA CODE
Geographic area code a-cc---
050 00 - LIBRARY OF CONGRESS CALL NUMBER
Classification number HF1604.S48 2013
082 00 - DEWEY DECIMAL CLASSIFICATION NUMBER
Classification number 303.48/251
Edition number 23
084 ## - OTHER CLASSIFICATION NUMBER
Classification number POL033000
-- HIS008000
Source of number bisacsh
100 1# - MAIN ENTRY--PERSONAL NAME
Personal name Shambaugh, David L.
245 10 - TITLE STATEMENT
Title China goes global :the partial power /
Statement of responsibility, etc David Shambaugh.
260 ## - PUBLICATION, DISTRIBUTION, ETC. (IMPRINT)
Place of publication, distribution, etc Oxford ;
-- New York :
Name of publisher, distributor, etc Oxford University Press,
Date of publication, distribution, etc c2013.
300 ## - PHYSICAL DESCRIPTION
Extent xvi, 409 p. ;
Dimensions 25 cm.
504 ## - BIBLIOGRAPHY, ETC. NOTE
Bibliography, etc Includes bibliographical references (p. 319-381) and index.
505 8# - FORMATTED CONTENTS NOTE
Formatted contents note Machine generated contents note: -- Preface -- I. Understanding China's Global Impact -- II. China's Global Identities -- III. China's Global Diplomatic Presence -- IV. China and Global Governance -- V. China's Global Economic Presence -- VI. China's Global Cultural Presence -- VII. China's Global Security Presence -- VIII. Coping with a Globalized China -- Appendicies.
520 ## - SUMMARY, ETC.
Summary, etc "Most global citizens are well aware of the explosive growth of the Chinese economy. Indeed, China has famously become the "workshop of the world." Yet, while China watchers have shed much light on the country's internal dynamics--China's politics, its vast social changes, and its economic development--few have focused on how this increasingly powerful nation has become more active and assertive throughout the world. In China Goes Global, eminent China scholar David Shambaugh delivers the book that the world has been waiting for--a sweeping account of China's growing prominence on the international stage. Thirty years ago, China's role in global affairs beyond its immediate East Asian periphery was decidedly minor and it had little geostrategic power. As Shambaugh charts, though, China's expanding economic power has allowed it to extend its reach virtually everywhere--from mineral mines in Africa, to currency markets in the West, to oilfields in the Middle East, to agribusiness in Latin America, to the factories of East Asia. Shambaugh offers an enlightening look into the manifestations of China's global ambitions: its extensive commercial footprint, its growing military power, its increasing cultural influence or "soft power," its diplomatic activity, and its new prominence in global governance institutions. But Shambaugh is no alarmist. In this balanced and well-researched volume, he argues that China's global presence is more broad than deep and that China still lacks the influence befitting a major world power--what he terms a "partial power." He draws on his decades of China-watching and his deep knowledge of the subject, and exploits a wide variety of previously untapped sources, to shed valuable light on China's current and future roles in world affairs"--
520 ## - SUMMARY, ETC.
Summary, etc "In China Goes Global, eminent China scholar David Shambaugh delivers the book that the world has been waiting for--a sweeping account of China's growing prominence on the international stage. Thirty years ago, China's role in global affairs beyond its immediate East Asian periphery was decidedly minor and it had little geostrategic power. As Shambaugh charts, though, China's expanding economic power has allowed it to extend its reach virtually everywhere--from mineral mines in Africa, to currency markets in the West, to oilfields in the Middle East, to agribusiness in Latin America, to the factories of East Asia. Shambaugh offers an enlightening look into the manifestations of China's global ambitions: its extensive commercial footprint, its growing military power, its increasing cultural influence or "soft power," its diplomatic activity, and its new prominence in global governance institutions. But Shambaugh is no alarmist. In this balanced and well-researched volume, he argues that China's global presence is more broad than deep and that China still lacks the influence befitting a major world power--what he terms a "partial power." "--
650 #0 - SUBJECT ADDED ENTRY--TOPICAL TERM
Topical term or geographic name as entry element Globalization
Geographic subdivision China.
650 #7 - SUBJECT ADDED ENTRY--TOPICAL TERM
Topical term or geographic name as entry element POLITICAL SCIENCE / Globalization
Source of heading or term bisacsh.
650 #7 - SUBJECT ADDED ENTRY--TOPICAL TERM
Topical term or geographic name as entry element HISTORY / Asia / China
Source of heading or term bisacsh.
651 #0 - SUBJECT ADDED ENTRY--GEOGRAPHIC NAME
Geographic name China
General subdivision Foreign economic relations.
651 #0 - SUBJECT ADDED ENTRY--GEOGRAPHIC NAME
Geographic name China
General subdivision Economic policy
Chronological subdivision 2000-
906 ## - LOCAL DATA ELEMENT F, LDF (RLIN)
a 7
b cbc
c orignew
d 1
e ecip
f 20
g y-gencatlg
942 ## - ADDED ENTRY ELEMENTS (KOHA)
Source of classification or shelving scheme
Koha item type Book
Holdings
Withdrawn status Lost status Source of classification or shelving scheme Damaged status Not for loan Home library Current library Shelving location Date acquired Total Checkouts Full call number Barcode Date last seen Date checked out Copy number Price effective from Koha item type
          Riara University Library Riara University Library General stack 06/09/2021 1 HF1604.S48 2013 10528/21 27/04/2022 27/01/2022 C.1 06/09/2021 Book
          Riara University Library Riara University Library General stack 06/09/2021   HF1604.S48 2013 10529/21 06/09/2021   C.2 06/09/2021 Book
          Riara University Library Riara University Library General stack 06/09/2021 1 HF1604.S48 2013 10530/21 22/10/2021 24/09/2021 C.3 06/09/2021 Book

Riara University Library,
P.O. Box 49940-00100,
Nairobi, Kenya.